Geschichte und Kultur Ostmitteleuropas
| Titel: | Geschichte und Kultur Ostmitteleuropas |
|---|---|
| Verfasser: | |
| In: |
Neue politische Literatur, Band 53, Heft 1 (2008), Seite 133-134 alle Artikel anzeigen |
| Veröffentlicht: | 2008 |
| Format: | Aufsatz |
| Sprache: | Deutsch |
X
alg: 39492095 001A $01999:12-11-16 001B $01999:04-08-21 $t20:59:22.000 001C $06050:19-11-16 $t08:31:56.000 001D $01999:12-11-16 001U $0utf8 001X $00 002@ $0Aox 003@ $0394920953 007A $0394920953 $aHEB 007T $0Herdc0050919m 010@ $ager 011@ $a2008 021A $aGeschichte und Kultur Ostmitteleuropas 028A $aKoeltzsch $dInes 031A $d53 $e1 $h133-134 $j2008 039B $aIn $8--Abvc--. Neue politische Literatur. - Wiesbaden : Springer VS, 1956-. - ISSN 0028-3320 $x200800000530001867 $9046846980 039T $8--Aau--. Vergangene Größe und Ohnmacht in Ostmitteleuropa. - [Leipzig] : Akad. Verlag-Anstalt, 2007. - 324 Seiten. - ISBN 978-3-931982-52-2 $9186993005 045F $a900.9437 $eDDC23BSB 045F/01 $a900 045F/03 $g437 045T $a3,6 lok: 39492095 78 exp: 39492095 78 1 #EPN 201B/01 $018-11-16 $t13:09:00.000 201U/01 $0utf8 203@/01 $0791219526 208@/01 $a12-11-16 $be 209A/01 $a/ $f000 $x00 220C/01 $aTitelaufnehmer: gk 220C/01 $aHerkunft: HI Marburg 244Z/01 $2Trx $#Kesk- ja Ida- Euroopa kontseptsioonid $#Vidurio Europos koncepcijos $#East-Central Europe $#Keletközépeurópa-eszmék $#Europa Środkowo-Wschodnia koncepcje $#Európa stredovýchodná koncepcie $#Evropa střední, východní část koncepce $#Mitteleuropa $#Osteuropakonzeptionen $#Europa Środkowa koncepcje $#Stredná Európa koncepcie $#Střední Europa koncepce $8--Trx--Ostmitteleuropakonzeptionen $x01 $9391364286 244Z/01 $2Trx $#arvustused $#recenzijos $#Reviews $#recenziók $#recenzje $#recenzie $#recenze $8--Trx--Rezensionen $x02 $9391357441 247C/01 $82080>Marburg/Lahn, Herder-Institut, Forschungsbibliothek, Bibliographieportal $9336309341
| LEADER | 00000caa a22000002c 4500 | ||
|---|---|---|---|
| 001 | 394920953 | ||
| 003 | DE-603 | ||
| 005 | 20210804205922.0 | ||
| 007 | tu | ||
| 008 | 161112s2008 xx |||| | u00||u|ger c | ||
| 035 | |a (DE-599)HEB394920953 | ||
| 040 | |a DE-603 |b ger |c DE-603 |d DE-603 | ||
| 041 | |a ger | ||
| 082 | 0 | 4 | |8 1\u |a 900.9437 |q DE-101 |2 23/BSB |
| 084 | |a 3,6 |2 ssgn | ||
| 085 | |8 1\u |b 900 | ||
| 085 | |8 1\u |z 2 |s 437 | ||
| 100 | 1 | |a Koeltzsch, Ines | |
| 245 | 0 | 0 | |a Geschichte und Kultur Ostmitteleuropas |
| 264 | 0 | |c 2008 | |
| 773 | 0 | 8 | |i In |t Neue politische Literatur |d Wiesbaden : Springer VS, 1956- |x 0028-3320 |g Band 53, Heft 1 (2008), Seite 133-134 |w (DE-603)046846980 |w (DE-600)3402-2 |
| 787 | 0 | 8 | |i Rezension von |t Vergangene Größe und Ohnmacht in Ostmitteleuropa |d [Leipzig] : Akad. Verlag-Anstalt, 2007 |h 324 Seiten |z 9783931982522 |w (DE-603)186993005 |
| 924 | 0 | |9 2080 |a (DE-603)791219526 |b DE-2080 |c HES |d d |g / | |


